|
|
|
|
| LEADER |
00000cam a2200000 a 4500 |
| 001 |
TT-30 |
| 005 |
20230308191825.0 |
| 008 |
993000|1993 ||||||||r|||||||||||spa|| |
| 040 |
|
|
|b spa
|
| 041 |
1 |
|
|a spa
|
| 100 |
1 |
|
|a Cabrera, Pedro
|9 131666
|
| 245 |
1 |
1 |
|a Mantenimiento preventivo automotriz
|c Pedro Cabrera
|h imp
|
| 264 |
|
|
|a Cuenca
|c 1993
|
| 300 |
|
|
|a 144 páginas:
|b ilu
|c 18 cm
|
| 502 |
|
|
|a Tecnólogo en Mecánica Automotriz
|b Universidad de Cuenca
|c ing
|d Padilla, Fernando
|
| 520 |
3 |
|
|a Contiene la descripción de dos montacargas [SIBICAR serie 04 y SIBICAR EV825E] y una motobomba a diesel contra incendios, utilizados el en proceso de mantenimiento preventivo. Indica las ventajas de la utilización de formatos de control de mantenimiento. Describe las características de los motores a gasolina, y para ejemplificar trabaja con la camioneta Ford Courier 1600 año 1973
|
| 650 |
|
|
|a Mantenimiento preventivo
|9 70046
|
| 650 |
1 |
|
|a Motor a gasolina
|9 131611
|
| 650 |
|
|
|a Tesis en tecnologia industrial
|9 131567
|
| 852 |
|
|
|a UC-CDJBV
|c ESTANTERIA CERRADA
|f Donación
|l 1
|m General
|p 19930000
|t TT-30
|b 0
|d CDRC
|e CDRC
|g ESTANTERIA CERRADA
|z 1993-30-00
|
| 942 |
|
|
|c TS
|
| 999 |
|
|
|c 77505
|d 77505
|